Normal view
MARC view
- Lutang, Jairus
Entry Personal Name
001 - CONTROL NUMBER
- control field: 35113
003 - CONTROL NUMBER IDENTIFIER
- control field: OSt
005 - DATE AND TIME OF LATEST TRANSACTION
- control field: 20190125113827.0
008 - FIXED-LENGTH DATA ELEMENTS
- fixed length control field: 190125|| aca||aabn | a|a d
040 ## - CATALOGING SOURCE
- Original cataloging agency: OSt
- Transcribing agency: OSt
100 ## - HEADING--PERSONAL NAME
- Personal name: Lutang, Jairus
670 ## - SOURCE DATA FOUND
- Source citation: Work cat.: (OSt): Getalla, Delza Mae F. 35112, Listening effectiveness and unproductive students behavior /, October 2018.
